SAT Vocabulary Words Starting With I - Statistics

General Stats
  • This quiz has been taken 16,232 times
  • The average score is 11 of 15
Answer Stats
Question Answer % Correct
Idyllic (noun) Peaceful and picturesque
94%
Imperative (adjective) Very important
92%
Insatiable (adjective) Impossible to satisfy
91%
Implore (verb) To beg / ask urgently
90%
Incorrigible (adjective) Not able to be corrected or reformed
85%
Inalienable (adjective) Unable to be taken away
84%
Impregnable (adjective) Unable to be captured or broken into
79%
Intrepid (adjective) Fearless; adventurous
73%
Impetuous (adjective) Acting suddenly without thought
66%
Imperious (adjective) Arrogant and overbearing
66%
Ignominious (adjective) Disgraceful
63%
Imbibe (verb) To drink, particularly alcoholic beverages
62%
Insouciant (adjective) Carefree
45%
Impecunious (adjective) Penniless
33%
Inchoate (adjective) Being in the early stages
31%
No matching quizzes found
Score Distribution
Percent of People with Each Score
Percentile by Number Answered
Your Score History
You have not taken this quiz